Central Library OPAC University of Rajshahi

Marxismus und Bauerntum : eine Studie (Record no. 4631)

MARC details
000 -LEADER
fixed length control field 00902nam a2200313I 4500
001 - CONTROL NUMBER
control field 4631
003 - CONTROL NUMBER IDENTIFIER
rucl marc code MCM
005 - DATE AND TIME OF LATEST TRANSACTION
control field 20211208233928.0
008 - FIXED-LENGTH DATA ELEMENTS--GENERAL INFORMATION
fixed length control field 131223 1956 eng u
035 ## - SYSTEM CONTROL NUMBER
System control number MITb10010629
System control number (OCoLC)00268515
System control number GLIS00010629
040 ## - CATALOGING SOURCE
Transcribing agency WSU
Modifying agency MYG
Original cataloging agency BD-RjUL
Language of cataloging eng
041 ## - LANGUAGE CODE
Language code of text/sound track or separate title eng
082 ## - DEWEY DECIMAL CLASSIFICATION NUMBER
Classification number 301.4443098
Author mark and year MIM 1956
090 ## - LOCALLY ASSIGNED LC-TYPE CALL NUMBER (OCLC); LOCAL CALL NUMBER (OCLC)
Classification number (OCLC) (R) ; Classification number, CALL (RLIN) (NR) HX550.P4
Local cutter number (OCLC) ; Book number/undivided call number, CALL (RLIN) M684 1951
099 ## - LOCAL FREE-TEXT CALL NUMBER (OCLC)
Bangla Class number HX550.P4.M684 1951
100 1# - MAIN ENTRY--PERSONAL NAME
Personal name Mitrany, David,
Dates associated with a name 1888-1975.
9 (RLIN) 14608
245 10 - TITLE STATEMENT
Title Marxismus und Bauerntum : eine Studie
260 ## - PUBLICATION, DISTRIBUTION, ETC. (IMPRINT)
Place of publication, distribution, etc. [Chapel Hill]
Name of publisher, distributor, etc. University of North Carolina Press
Date of publication, distribution, etc. [1951]
300 ## - PHYSICAL DESCRIPTION
Pagination xvi, 298 p.
Size 23 cm.
504 ## - BIBLIOGRAPHY, ETC. NOTE
Bibliography, etc Bibliography: p. 270-286.
650 #0 - SUBJECT ADDED ENTRY--TOPICAL TERM
Topical term or geographic name as entry element Peasant uprisings.
9 (RLIN) 14609
Topical term or geographic name as entry element Peasants
Geographic subdivision Russia.
9 (RLIN) 14610
Topical term or geographic name as entry element Communism.
9 (RLIN) 14611
Topical term or geographic name as entry element Land, Nationalization of.
9 (RLIN) 14612
942 ## - ADDED ENTRY ELEMENTS (KOHA)
Source of classification or shelving scheme Dewey Decimal Classification
Koha item type Books
Holdings
Lost status Source of classification or shelving scheme Damaged status Not for loan Collection code Permanent Location Current Location Shelving location Date acquired Source of acquisition Cost, normal purchase price Total Checkouts Full call number Date last seen Copy number Koha item type
  Dewey Decimal Classification   Not For Loan Non-fiction Central Library, University of Rajshahi Central Library, University of Rajshahi   10/02/1958 U.S.I.S DACCA 0.00   301.4443098 MIM 1956 23/12/2013 C-1 Books